| 000 | 01182nam a22002297a 4500 | ||
|---|---|---|---|
| 005 | 20240724233239.0 | ||
| 008 | s2552 th tha d | ||
| 041 | _atha | ||
| 050 |
_aHV9402.55 อ639ส _b 2552 |
||
| 100 | 0 | _aอายุตม์ สินธพพันธุ์ | |
| 245 | 1 | 0 | _aสิ่งจำเป็นพื้นฐานต่อการดำรงชีวิตของผู้ต้องขังในเรือนจำและทัณฑสถาน |
| 260 | 3 |
_aกรุงเทพฯ : _bกรมราชทัณฑ์ กระทรวงยุติธรรม, _c2552 |
|
| 300 |
_a48 หน้า : _b ตาราง ; _c 29 ซม |
||
| 650 | 0 | 4 | _aนักโทษ -- วิจัย |
| 650 | 0 | 4 | _aนักโทษ -- การดำเนินชีวิต -- วิจัย |
| 650 | 0 | 4 | _aผู้ต้องหา -- การดำเนินชีวิต -- วิจัย |
| 850 | _aNALT | ||
| 942 | _cRSH | ||
| 997 | _aบ 22985 | ||
| 997 | _c000000000061260 | ||
| 998 | _aนางสาวสุพันดา สุภาพ | ||
| 999 |
_c61260 _d61260 |
||